000112584 001__ 112584
000112584 005__ 20220531095344.0
000112584 037__ $$aTAZ-TFG-2022-692
000112584 041__ $$aspa
000112584 1001_ $$aGonzález Arnaudas, Cristina
000112584 24200 $$aCan physical therapy interventions improve sleep in people with chronic pain?: A systematic review
000112584 24500 $$a¿Intervenciones de fisioterapia pueden mejorar el sueño en personas con dolor crónico?: Una revisión sistemática
000112584 260__ $$aZaragoza$$bUniversidad de Zaragoza$$c2022
000112584 506__ $$aby-nc-sa$$bCreative Commons$$c3.0$$uhttp://creativecommons.org/licenses/by-nc-sa/3.0/
000112584 520__ $$aIntroducción: El dolor crónico es aquel que persiste mucho más que el tiempo normal de curación previsto. Este afecta negativamente a fenómenos como el sueño, siendo el insomnio el trastorno del sueño más frecuente en las personas que sufren dicho dolor. Si el insomnio no se trata, puede presentar una barrera para el manejo efectivo del dolor crónico. La fisioterapia ha demostrado que reduce el dolor crónico en adultos, por lo que se crea una necesidad de evaluar sus efectos sobre los trastornos del sueño.<br /> <br />Objetivos: Analizar si diferentes intervenciones de fisioterapia pueden conducir a mejoras en la calidad del sueño en personas que padecen algún tipo de dolor crónico, y sugerir así un enfoque conservador para el manejo de este trastorno.<br />Material y métodos: Se realizó una revisión sistemática según la declaración PRISMA a través de la búsqueda de ensayos clínicos y ensayos controlados aleatorizados en las bases de datos MEDLINE (PubMed), Scopus y Web Of Science. <br />Resultados: De los 254 estudios encontrados, 6 han sido analizados. Todos ellos fueron clasificados como estudios de buena/excelente calidad metodológica. La mayoría de las intervenciones analizadas mejoraban la calidad del sueño y la intensidad del dolor de los participantes.<br />Conclusiones: El ejercicio físico, los ejercicios de estabilización cervical, el pilates, la acupresión auricular, un programa de caminata, la terapia de ejercicios y de manipulación, el ejercicio aeróbico supervisado y el yoga resultaron ser intervenciones efectivas para mejorar la calidad del sueño. Todas ellas junto a la estimulación transcraneal de corriente continua, disminuían la intensidad del dolor.<br /><br />
000112584 521__ $$aGraduado en Fisioterapia
000112584 540__ $$aDerechos regulados por licencia Creative Commons
000112584 700__ $$aHerrero Gallego, Pablo$$edir.
000112584 7102_ $$aUniversidad de Zaragoza$$bFisiatría y Enfermería$$cFisioterapia
000112584 8560_ $$f775310@unizar.es
000112584 8564_ $$s679847$$uhttps://zaguan.unizar.es/record/112584/files/TAZ-TFG-2022-692.pdf$$yMemoria (spa)
000112584 909CO $$ooai:zaguan.unizar.es:112584$$pdriver$$ptrabajos-fin-grado
000112584 950__ $$a
000112584 951__ $$adeposita:2022-05-31
000112584 980__ $$aTAZ$$bTFG$$cEUCS
000112584 999__ $$a20220518131029.CREATION_DATE